=LDR 00000nam 2200000 4500 =001 000445 =005 20250710043549 =035 ##$$a 0010-0725000307 =007 ta =008 250710################a##########0#ind## =020 ##$$a 978-623-307-025-6 =082 ##$$a 398.209 598 =084 ##$$a 398.209 598 W V s =100 #$$a W Veronica =245 1#$$a Sepasang Mata /$c Veronica W. =250 ##$$a Cetakan Pertama 2024 =260 ##$$a Jakarta :$b Badan Pengembangan dan Pembinaan Bahasa,$c 2020 =300 ##$$a 42 hlm : $b Ilus. ; $c 29,7 cm =650 #4$$a Cerita Anak Indonesia - Terjemahan =650 #4$$a Literasi- Bahan Bacaan =990 ##$$a TBM01690169